En el mismo barco (Record no. 181458)

MARC details
000 -LEADER
campo de control de longitud fija 00904nam a2200241 i 4500
001 - NÚMERO DE CONTROL
campo de control 181458
003 - IDENTIFICADOR DE NÚMERO DE CONTROL
campo de control ES-MaACL
005 - FECHA Y HORA DE LA ÚLTIMA TRANSACCIÓN
campo de control 20250930063154.0
008 - DATOS DE LONGITUD FIJA--INFORMACIÓN GENERAL
campo de control de longitud fija 130117s1994 sp | |||| ||spa d
080 ## - NÚMERO DE LA CLASIFICACIÓN DECIMAL UNIVERSAL
Número de la Clasificación Decimal Universal 321.01
100 1# - ENTRADA PRINCIPAL--NOMBRE DE PERSONA
Nombre de persona Sloterdijk, Peter,
Fechas asociadas al nombre 1947-
9 (RLIN) 159830
245 10 - MENCIÓN DEL TÍTULO
Título En el mismo barco
Resto del título : ensayo sobre la hiperpolítica /
Mención de responsabilidad, etc. Peter Sloterdijk ; traducción, Manuel Fontán del Junco.
260 ## - PUBLICACIÓN, DISTRIBUCIÓN, ETC.
Lugar de publicación, distribución, etc. Madrid :
Nombre del editor, distribuidor, etc. Siruela,
Fecha de publicación, distribución, etc. D.L. 1994.
300 ## - DESCRIPCIÓN FÍSICA
Extensión 103 p. ;
Dimensiones 15 cm.
490 1# - MENCIÓN DE SERIE
Mención de serie Biblioteca de ensayo ;
Designación de volumen o secuencia 2
650 #4 - PUNTO DE ACCESO ADICIONAL DE MATERIA--TÉRMINO DE MATERIA
Término de materia o nombre geográfico como elemento de entrada Política-
Subdivisión general Filosofía
9 (RLIN) 16274
700 1# - ENTRADA AGREGADA--NOMBRE PERSONAL
Nombre de persona Fontán del Junco, Manuel,
Fechas asociadas al nombre 1963-
9 (RLIN) 226485
830 0# - PUNTO DE ACCESO ADICIONAL DE SERIE-TÍTULO UNIFORME
Título uniforme Biblioteca de ensayo ;
Designación de volumen o secuencia 2
9 (RLIN) 178029
852 ## - LOCALIZACIÓN
Ubicación ES-MaACL
Número de control de estantería A-12469
itemnumber 188359
Sublocalización o colección R.147481
Ubicación en estantería Depósito 1
Signatura antigua Olim: N-5475
Encuadernación Donación: Miguel Ángel Velasco
903 ## - NOMBRE PERSONAL DE DONANTE
a Velasco, Miguel Ángel,
d 1939-
e Donante
9 147298
942 ## - ELEMENTOS DE ENTRADA SECUNDARIOS (KOHA)
Fuente del sistema de clasificación o colocación Clasificación decimal universal
Tipo de ítem Koha Libro impreso
Holdings
Estatus retirado Estado de pérdida Fuente del sistema de clasificación o colocación Estado de daño No para préstamo Biblioteca de origen Biblioteca actual Ubicación en estantería Fecha de adquisición Fuente de adquisición Total de préstamos Signatura topográfica completa Código de barras Visto por última vez Precio de reemplazo Tipo de ítem Koha
    Clasificación decimal universal     Biblioteca del Ateneo de Madrid Biblioteca del Ateneo de Madrid Depósito 1 17/01/2013 Donación   A-12469 1190699 23/02/2023 23/02/2023 Libro impreso